000 00634nam a2200217Ia 4500
003 OSt
005 20250704124509.0
008 210210b1999 xxu||||| |||| 00| 0 eng d
040 _cAL
041 _aKannada
082 _a780.1K BHAS
100 _aBHASKAR CHANDAVARKAR.
_dಭಾಸ್ಕರ್ ಚಂದಾವರ್ಕರ್
_9217222
245 _aSangita samvada
_bಸಂಗೀತ ಸಂವಾದ
260 _aSagara
_bAkshara Prakashana
_c1999
300 _avi,202,xi
650 _aSangita
_9217223
690 _aMusic
_9217224
700 _a Vaidehi.
_dವೈದೇಹಿ tr.
_9217225
906 _a054858
942 _2ddc
_cBK
999 _c102992
_d102992